Survey on foot and mouth disease of cattle in chap commune, prey kabbas district, takeo province; ការអង្កេតជំងឺអុតក្តាមលើគោក្នុងឃុំចារ ស្រុកព្រៃកប្បាស ខេត្តតាកែវ (Record no. 10631)

000 -LEADER
fixed length control field 00583nam a22001337a 4500
040 ## - CATALOGING SOURCE
Transcribing agency RUA
082 ## - DEWEY DECIMAL CLASSIFICATION NUMBER
Classification number VEM SOR 2015 B525 Or.1
100 ## - MAIN ENTRY--AUTHOR NAME
Personal name SORN KHIM; ស៊ន ឃីម
245 ## - TITLE STATEMENT
Title Survey on foot and mouth disease of cattle in chap commune, prey kabbas district, takeo province; ការអង្កេតជំងឺអុតក្តាមលើគោក្នុងឃុំចារ ស្រុកព្រៃកប្បាស ខេត្តតាកែវ
260 ## - PUBLICATION, DISTRIBUTION, ETC. (IMPRINT)
Place of publication Phnom Penh
Name of publisher RUA
Year of publication 2015
300 ## - PHYSICAL DESCRIPTION
Number of Pages ix; 34p;
Other physical details ill;
Dimensions 29cm;
856 ## - ELECTRONIC LOCATION AND ACCESS
Uniform Resource Identifier SORN KHIM
942 ## - ADDED ENTRY ELEMENTS (KOHA)
Koha item type VEM
952 ## - LOCATION AND ITEM INFORMATION (KOHA)
Withdrawn status [LOCAL, KOHA] 0
952 ## - LOCATION AND ITEM INFORMATION (KOHA)
Withdrawn status [LOCAL, KOHA] 0
952 ## - LOCATION AND ITEM INFORMATION (KOHA)
Withdrawn status [LOCAL, KOHA] 0
952 ## - LOCATION AND ITEM INFORMATION (KOHA)
Withdrawn status [LOCAL, KOHA] 0
952 ## - LOCATION AND ITEM INFORMATION (KOHA)
Withdrawn status [LOCAL, KOHA] 0
952 ## - LOCATION AND ITEM INFORMATION (KOHA)
Withdrawn status [LOCAL, KOHA] 0
952 ## - LOCATION AND ITEM INFORMATION (KOHA)
Withdrawn status [LOCAL, KOHA] 0
952 ## - LOCATION AND ITEM INFORMATION (KOHA)
Withdrawn status [LOCAL, KOHA] 0
952 ## - LOCATION AND ITEM INFORMATION (KOHA)
Withdrawn status [LOCAL, KOHA] 0
952 ## - LOCATION AND ITEM INFORMATION (KOHA)
Withdrawn status [LOCAL, KOHA] 0
Holdings
Permanent Location Date acquired Koha item type Lost status Shelving location Barcode Current Location Full call number
Library Block B2016-10-31VEM B525RUA061085Library Block BVEM SOR 2015 B525 Or.1
Library Block B2016-10-31VEM B525RUA057100Library Block BVEM SOR 2015 B525 Or.2
Library Block B2016-10-31VEM B525RUA060657Library Block BVEM SOR 2015 B525 Or.3
Library Block B2016-10-31VEM B525A03321Library Block BVEM SOR 2015 B525 Or.4
Library Block B2016-10-31VEM B525RUA061100Library Block BVEM SOR 2015 B525 Or.5
Library Block B2016-10-31VEM B525RUA060717Library Block BVEM SOR 2015 B525 Or.6
Library Block B2016-10-31VEM B525A03296Library Block BVEM SOR 2015 B525 Or.7
Library Block B2016-10-31VEM B525RUA060367Library Block BVEM SOR 2015 B525 Or.8
Library Block B2021-10-13VEM B693A09401Library Block BVEM SOR 2015 B693 Or.1
Library Block B2021-10-13VEM B693A09326Library Block BVEM SOR 2015 B693 Or.1
មជ្ឈមណ្ឌលឯការនៃសាកលវិទ្យាល័យភូមិន្ទកសិកម្មចំការដូង

Powered by Koha